Catálogo
 En Linea

The other side of the coin. / (Registro nro. 34175)

Detalles MARC
000 -CABECERA
campo de control de longitud fija 00483nam a2200145 a 4500
001 - NÚMERO DE CONTROL
campo de control 000034684
005 - FECHA Y HORA DE LA ÚLTIMA TRANSACCIÓN
campo de control 20240322185316.0
008 - DATOS DE LONGITUD FIJA--INFORMACIÓN GENERAL
campo de control de longitud fija 111018s2004 xxu 000 0 spa d
040 ## - FUENTE DE LA CATALOGACIÓN
Centro catalogador/agencia de origen DO-SdBNP
Lengua de catalogación spa
Centro/agencia transcriptor BNPHU
082 ## - NÚMERO DE LA CLASIFICACIÓN DECIMAL DEWEY
Número de clasificación xxxx
Número de documento/Ítem O74
100 1# - ENTRADA PRINCIPAL--NOMBRE DE PERSONA
Nombre de persona Ornes Coiscou, Germán E.,
Fechas asociadas al nombre 1919-1998
9 (RLIN) 57814
245 10 - MENCIÓN DE TÍTULO
Título The other side of the coin. /
Mención de responsabilidad, etc. A collection of articles by German E. Ornes.
260 ## - PUBLICACIÓN, DISTRIBUCIÓN, ETC.
Lugar de publicación, distribución, etc. Washington :
Nombre del editor, distribuidor, etc. Embassy of the Dominicana Republic,
Fecha de publicación, distribución, etc. [19--?].
300 ## - DESCRIPCIÓN FÍSICA
Extensión 80 p. ;
Dimensiones 23 cm.
Existencias
Estado de retiro Estado de pérdida Restricciones de uso No para préstamo Código de colección Localización permanente Ubicación/localización actual Ubicación en estantería Fecha de adquisición Número de inventario Total de préstamos Signatura topográfica completa Código de barras Fecha visto por última vez Precio válido a partir de Tipo de ítem Koha
      Excluido de préstamo Monografías: Libros y Folletos General General En catalogación 18.10.2011 LF1   xxxx O74 34684-10 25.06.2020 25.06.2020 No se presta

Con tecnología Koha